000 00463nam a2200169Ia 4500
008 240729s9999 xx 000 0 und d
022 _a2210-4925
245 0 _aJournal of Orthopaedics, Trauma and Rehabilitation
260 _aUnited Kingdom
260 _bSAGE Publishing
650 _a Orthopedic surgery
650 _a Surgery
650 _aMedicine
856 _uhttps://doaj.org/toc/748a3e35d4554ec482f3f51b8788716a
942 _2ddc
942 _cDOAJEJ
999 _c67679
_d67679
945 _a1
_bMadushi Gamage
_c1
_dMadushi Gamage